000 00495nam a2200169Ia 4500
003 GCL
008 140319s9999 xx 000 0 ara d
040 _aGCL /
_cGCL
082 0 4 _a953
_bل ث
245 1 0 _aالثورة العربية
490 _aكتاب
_v0
650 0 4 _aتاريخ
650 0 4 _aالحضارة العربية الاسلامية - المعارف البحرية
650 0 4 _aالتاريخ الاسلامى
650 0 4 _aالحضارة العراقية
942 _2ddc
_cBK
999 _c43133
_d43133